| 000 | 00473nam a2200181 i 4500 | ||
|---|---|---|---|
| 001 | bg | ||
| 100 | 1 | _aKOŁODZIEJCZYK, Leon | |
| 245 | 0 |
_aTermodynamika dla wydziałów inżynierii sanitarnej / _cLeon Kołodziejczyk. |
|
| 250 | _aWyd.2. | ||
| 260 |
_aWarszawa : _bPWN, _c1966. |
||
| 650 | 9 | _aTermodynamika | |
| 655 | _aPodręczniki akademickie | ||
| 040 | _cBPK | ||
| 041 | _apol | ||
| 080 | _a536.7(075.8) | ||
| 942 | _cKS | ||
| 008 | s pl f |000 0 pol | ||
| 999 |
_c7456 _d7456 |
||
| 856 |
_uhttp://koha.tu.koszalin.pl/cgi-bin/koha/opac-detail.pl?biblionumber=7456 _yKatalog online BPK |
||